000 00556nam a22001697a 4500
005 20251108164405.0
008 250721s1997 xx 000 0 ara d
082 1 4 _a736.4/محي
100 1 _aطالو، محي الدين
245 1 0 _aمجالات في الفنون التطبيقية :
_bالحفر على الخشب : الرسم على الزجاج و تلوينه /
264 1 _aدمشق :
_bدار دمشق،
_c1997.
300 _a350ص
650 1 7 _aالفنون الزخرفية
650 1 7 _aالخشب
942 _2ddc
_cBK
999 _c10980
_d10980